LEADER 00701naa a2200157 i 4500 001 000000297898 003 CaOOAMICUS 005 20180831172614.0 008 180831n xx u000 u und u 013 $a5468 040 $aSeMil$bita 100 1 $aWinkler, Gabriele.$0(OLS)http://semarc/name/20931 245 10$aArmenian anaphoras and creeds :$ba brief overview of work in progress. 650 4$aLiturgia armena.$0(OLS)http://semarc/subject/7945 773 0 $tArmenian christian tradition.$dRoma : Pontificio Istituto Orientale, copyr. 1997.$kOrientalia Christiana Analecta$z88-7210-316-9$w()63180 996 $6245$aArmenian anaphoras and creeds :$ba brief overview of work in progress$9(OLS)http://semarc/title/373911 LEADER 00764naa a2200145 i 4500 001 000000300024 003 CaOOAMICUS 005 20180831172655.0 008 180831n xx u000 u und u 013 $a7693 040 $aSeMil$bita 100 1 $aFusco, Vittorio,$c.$0(OLS)http://semarc/name/534 245 10$aTendances récentes dans l'interprétation des paraboles ; La secti e l'ACFEB, Lyon (1987) ; publié sous la direction de Jean Delorme. 773 0 $tParaboles évangéliques.$dParis : Les Éditions du Cerf, copyr. 1989.$kLectio divina $z2-204-02997-1$w()34357 996 $6245$aTendances récentes dans l'interprétation des paraboles ; La secti e l'ACFEB, Lyon (1987) ; publié sous la direction de Jean Delorme$9(OLS)http://semarc/title/376039